[Event "Northeast Summer Getaway"]
[Site "Lowell"]
[Date "2003.08.17"]
[Round "5"]
[White "Bartell, Thomas"]
[Black "Jirovsky, Petr"]
[Result "1/2-1/2"]
[WhiteElo "2248"]
[BlackElo "2458"]
[PlyCount "116"]
[EventDate "2003.??.??"]
[EventType "swiss"]
[EventRounds "5"]
[EventCountry "USA"]
[SourceTitle "EXT 2005"]
[Source "ChessBase"]
[SourceDate "2004.11.15"]
[SourceVersion "1"]
[SourceVersionDate "2004.11.15"]
[SourceQuality "1"]

1. c4 Nf6 2. Nc3 g6 3. g3 Bg7 4. Bg2 0-0 5. e4 d6 6. Nge2 e5 7. 0-0 Be6 8. d3 Qd7 9. f4 Nc6 10. Nd5 Ne8 11. Be3 f5 12. Qd2 Nf6 13. Kh1 Ng4 14. Bg1 h5 15. d4 Nxd4 16. Nxd4 exd4 17. exf5 Rxf5 18. Bxd4 c6 19. Bxg7 Kxg7 20. Qd4+ Kg8 21. Nc3 h4 22. Bf3 Rf7 23. Ne4 hxg3 24. hxg3 Raf8 25. Ng5 Rf6 26. Rae1 Nh6 27. Nxe6 Rxe6 28. Kg2 Nf5 29. Qc3 Rfe8 30. Kf2 Re3 31. Qd2 Qf7 32. b3 Qh7 33. Rh1 Rxe1 34. Rxh7 Kxh7 35. g4 Nh4 36. f5 gxf5 37. Qg5 Nxf3 38. Qxf5+ Kg7 39. Qxf3 R1e5 40. Qd3 R8e6 41. Qd4 c5 42. Qd2 b6 43. Kf3 Rg6 44. Qb2 Kg8 45. Qa3 Re7 46. Qa6 Rf7+ 47. Kg3 Rc7 48. Kf4 Kh7 49. Qa4 Rf7+ 50. Kg3 Rfg7 51. Qe8 Rxg4+ 52. Kf3 R4g6 53. Ke4 Rg5 54. Kd3 d5 55. cxd5 Rxd5+ 56. Kc4 Rdg5 57. Qe4+ Kh6 58. Qe6+ Kh7 1/2-1/2

[Event "Northeast Summer Getaway"]
[Site "Lowell"]
[Date "2003.08.17"]
[Round "4"]
[White "Jirovsky, Petr"]
[Black "Friedel, Joshua E"]
[Result "1/2-1/2"]
[WhiteElo "2458"]
[BlackElo "2372"]
[PlyCount "91"]
[EventDate "2003.??.??"]
[EventType "swiss"]
[EventRounds "5"]
[EventCountry "USA"]
[SourceTitle "EXT 2005"]
[Source "ChessBase"]
[SourceDate "2004.11.15"]
[SourceVersion "1"]
[SourceVersionDate "2004.11.15"]
[SourceQuality "1"]

1. e4 e5 2. Nf3 Nc6 3. Bb5 a6 4. Ba4 Nf6 5. 0-0 b5 6. Bb3 Bc5 7. c3 d6 8. d4 Bb6 9. h3 0-0 10. Re1 h6 11. Be3 exd4 12. cxd4 d5 13. e5 Ne4 14. Nc3 Ba5 15. Bd2 Bxc3 16. Bxc3 Bf5 17. Rc1 a5 18. Re3 Ne7 19. Nh4 Bh7 20. Be1 g5 21. f3 Nd6 22. exd6 Qxd6 23. Qe2 Nc6 24. Bc2 Bxc2 25. Qxc2 Nxd4 26. Qd3 Qf6 27. Rxc7 b4 28. Bg3 Rae8 29. Be5 Rxe5 30. Qxd4 Re6 31. Qxf6 Rxf6 32. Re5 gxh4 33. Rxd5 Re8 34. Rc2 a4 35. Kf2 Rb6 36. Rd4 b3 37. axb3 Rxb3 38. Rxa4 Reb8 39. Ra2 Kg7 40. Ke2 Kg6 41. Kd1 Kg5 42. Kc1 R3b4 43. Ra7 f5 44. Rac7 Re8 45. Rd2 Re6 46. Kc2 1/2-1/2

[Event "Northeast Summer Getaway"]
[Site "Lowell"]
[Date "2003.08.16"]
[Round "1"]
[White "Goldberg, Benjamin"]
[Black "Jirovsky, Petr"]
[Result "0-1"]
[WhiteElo "2027"]
[BlackElo "2458"]
[PlyCount "64"]
[EventDate "2003.??.??"]
[EventType "swiss"]
[EventRounds "5"]
[EventCountry "USA"]
[SourceTitle "EXT 2005"]
[Source "ChessBase"]
[SourceDate "2004.11.15"]
[SourceVersion "1"]
[SourceVersionDate "2004.11.15"]
[SourceQuality "1"]

1. d4 Nf6 2. c4 g6 3. Nc3 Bg7 4. e4 d6 5. Nf3 0-0 6. Be2 e5 7. d5 a5 8. Bg5 Na6 9. Nd2 Qe8 10. a3 Bd7 11. b3 h6 12. Be3 Nh7 13. f3 f5 14. Rb1 Nc5 15. 0-0 Nf6 16. Nb5 Bxb5 17. Bxc5 Bd7 18. Bf2 h5 19. c5 fxe4 20. Nxe4 Nxe4 21. fxe4 Bh6 22. Qc2 Rf7 23. cxd6 cxd6 24. Bb6 Rc8 25. Qd3 a4 26. b4 Rxf1+ 27. Bxf1 Qf7 28. b5 Qf4 29. Rb4 Qc1 30. Qg3 Kg7 31. Qh4 Rf8 32. Bf2 Rxf2 0-1

[Event "Landesliga Nord 0102"]
[Site "Bayern"]
[Date "2002.04.14"]
[Round "8.1"]
[White "Kreuzer, Martin"]
[Black "Jirovsky, Petr"]
[Result "1-0"]
[WhiteElo "2375"]
[BlackElo "2340"]
[PlyCount "63"]
[EventDate "2001.10.07"]
[EventType "team"]
[EventRounds "9"]
[EventCountry "GER"]
[SourceTitle "EXT 2003"]
[Source "ChessBase"]
[SourceDate "2002.11.25"]
[SourceVersion "1"]
[SourceVersionDate "2002.11.25"]
[SourceQuality "1"]
[WhiteTeam "Kelheim"]
[BlackTeam "Bamberg II"]
[WhiteTeamCountry "GER"]
[BlackTeamCountry "GER"]

1. e4 c5 2. Nf3 d6 3. d4 cxd4 4. Nxd4 Nf6 5. Nc3 a6 6. Be2 e6 7. 0-0 Nbd7 8. f4 b5 9. a3 Bb7 10. Bf3 Rc8 11. Qe2 Rc4 12. Nb3 Be7 13. a4 Rb4 14. axb5 axb5 15. e5 dxe5 16. Bxb7 Qb6+ 17. Be3 Qxb7 18. fxe5 Ng4 19. Ra7 Qc8 20. Nxb5 0-0 21. Bd4 Nh6 22. Rfa1 Nf5 23. Rc7 Qe8 24. Raa7 Nxe5 25. Rxe7 Qxb5 26. Qxe5 Nxd4 27. Qxb5 Nxb5 28. Rab7 g5 29. h3 Kg7 30. Nc5 Kf6 31. Red7 Ke5 32. Nd3+ 1-0

[Event "CZE-chT 0102"]
[Site "Czech Republic"]
[Date "2002.04.07"]
[Round "11"]
[White "Jirovsky, Petr"]
[Black "Cech, Pavel"]
[Result "1/2-1/2"]
[WhiteElo "2414"]
[BlackElo "2327"]
[PlyCount "131"]
[EventDate "2001.10.20"]
[EventType "team-tourn"]
[EventRounds "11"]
[EventCountry "CZE"]
[SourceTitle "EXT 2019"]
[Source "ChessBase"]
[SourceDate "2018.10.10"]
[SourceVersion "1"]
[SourceVersionDate "2018.10.10"]
[SourceQuality "1"]
[WhiteTeam "Praha Holdia"]
[BlackTeam "Zlin"]
[WhiteTeamCountry "CZE"]
[BlackTeamCountry "CZE"]

1. e4 e6 2. d4 d5 3. Nd2 dxe4 4. Nxe4 Nd7 5. Nf3 Ngf6 6. Nxf6+ Nxf6 7. Bg5 h6 8. Bh4 c5 9. Bd3 cxd4 10. Nxd4 Bc5 11. Nf3 Qa5+ 12. c3 Qc7 13. Qe2 Bd7 14. Ne5 Bd6 15. Bg3 0-0 16. 0-0-0 Rfd8 17. Kb1 Be8 18. Rd2 Qc5 19. Rhd1 Be7 20. f4 Rac8 21. Bf2 Qc7 22. Bd4 Nd7 23. f5 Nf8 24. Qg4 f6 25. Nf3 e5 26. Be3 Kh8 27. Qh4 Nh7 28. Qg3 Bc5 29. Bxc5 Qxc5 30. Be4 Qb6 31. Qe1 Ba4 32. Rxd8+ Rxd8 33. Rxd8+ Qxd8 34. Bxb7 Qd3+ 35. Ka1 Qxf5 36. b3 Bd7 37. Be4 Qe6 38. Bxh7 Kxh7 39. Qe4+ Kg8 40. Qa8+ Kh7 41. Qxa7 Bc6 42. Qe3 Qd6 43. Qe2 Be8 44. Kb2 Bg6 45. a4 Bd3 46. Qe3 e4 47. Ne1 f5 48. g3 Ba6 49. c4 Bxc4 50. bxc4 Qb4+ 51. Kc1 Qxc4+ 52. Nc2 Qxa4 53. Qc5 Qd7 54. Nd4 Kg6 55. Kd2 Kf6 56. Qb6+ Ke5 57. Qc5+ Kf6 58. Ke3 g5 59. Qb6+ Ke5 60. Qb8+ Kf6 61. Qh8+ Kg6 62. Qe5 Qf7 63. h4 Qd7 64. Ke2 Kh5 65. hxg5 hxg5 66. Nxf5 1/2-1/2

[Event "CZE-chT 0102"]
[Site "Czech Republic"]
[Date "2002.04.06"]
[Round "10"]
[White "Polak, Tomas"]
[Black "Jirovsky, Petr"]
[Result "1-0"]
[WhiteElo "2482"]
[BlackElo "2414"]
[PlyCount "81"]
[EventDate "2001.10.20"]
[EventType "team-tourn"]
[EventRounds "11"]
[EventCountry "CZE"]
[SourceTitle "EXT 2019"]
[Source "ChessBase"]
[SourceDate "2018.10.10"]
[SourceVersion "1"]
[SourceVersionDate "2018.10.10"]
[SourceQuality "1"]
[WhiteTeam "Brno Lokomotiva"]
[BlackTeam "Praha Holdia"]
[WhiteTeamCountry "CZE"]
[BlackTeamCountry "CZE"]

1. d4 Nf6 2. c4 g6 3. Nc3 Bg7 4. e4 d6 5. Nf3 0-0 6. Be2 e5 7. d5 a5 8. h3 Na6 9. Bg5 Qe8 10. Nd2 Kh8 11. h4 Ng8 12. h5 f5 13. Nf3 Bf6 14. Be3 f4 15. Bd2 gxh5 16. Nh2 h4 17. Bh5 Qe7 18. Bg4 Nh6 19. Bxc8 Raxc8 20. Qh5 Qg7 21. Nf3 Qg6 22. Qxg6 hxg6 23. Nxh4 Kg7 24. Ke2 Nc5 25. Rag1 Rh8 26. g3 Nf7 27. Nf3 Rxh1 28. Rxh1 g5 29. Ne1 fxg3 30. fxg3 g4 31. Ng2 Rg8 32. Ne3 Bg5 33. Nxg4 Bxd2 34. Kxd2 Kf8 35. Rh4 Ke7 36. Ne3 Ng5 37. Nf5+ Kd8 38. Ke3 b6 39. Rg4 Nd7 40. Nh6 Nf6 41. Rxg5 1-0

[Event "Landesliga Nord 0102"]
[Site "Bayern"]
[Date "2002.01.20"]
[Round "4.1"]
[White "Jirovsky, Petr"]
[Black "Jirovsky, Pavel"]
[Result "1-0"]
[WhiteElo "2340"]
[BlackElo "2340"]
[PlyCount "83"]
[EventDate "2001.10.07"]
[EventType "team"]
[EventRounds "9"]
[EventCountry "GER"]
[SourceTitle "EXT 2003"]
[Source "ChessBase"]
[SourceDate "2002.11.25"]
[SourceVersion "1"]
[SourceVersionDate "2002.11.25"]
[SourceQuality "1"]
[WhiteTeam "Bamberg II"]
[BlackTeam "Koetzting"]
[WhiteTeamCountry "GER"]
[BlackTeamCountry "GER"]

1. e4 d5 2. exd5 Qxd5 3. Nc3 Qd6 4. d4 Nf6 5. Nf3 a6 6. h3 Bf5 7. Bd3 Bxd3 8. Qxd3 e6 9. 0-0 Be7 10. Bg5 Nbd7 11. Rfe1 c6 12. Rad1 0-0 13. Ne5 Rfd8 14. Qe2 Nf8 15. Qf3 Re8 16. Ne4 Qd8 17. h4 N8d7 18. g4 Rf8 19. Ng3 Ne8 20. Qe3 Nb6 21. Qb3 Bxg5 22. hxg5 Rb8 23. c4 Nd7 24. Ne4 Qe7 25. Qg3 Rd8 26. d5 cxd5 27. cxd5 Nxe5 28. Qxe5 Nd6 29. Nf6+ Kh8 30. Kg2 Nc4 31. Rh1 gxf6 32. gxf6 Nxe5 33. fxe7 Rg8 34. exd8Q Rxd8 35. dxe6 Re8 36. exf7 Nxf7 37. Rd7 Kg8 38. Rxf7 Kxf7 39. Rxh7+ Kg6 40. Rxb7 Kg5 41. Kg3 Re2 42. Rb6 1-0

[Event "CZE-chT 0102"]
[Site "Czech Republic"]
[Date "2001.11.18"]
[Round "3"]
[White "Jirovsky, Petr"]
[Black "Vyskocil, Neklan"]
[Result "1/2-1/2"]
[WhiteElo "2423"]
[BlackElo "2279"]
[PlyCount "94"]
[EventDate "2001.10.20"]
[EventType "team-tourn"]
[EventRounds "11"]
[EventCountry "CZE"]
[SourceTitle "EXT 2019"]
[Source "ChessBase"]
[SourceDate "2018.10.10"]
[SourceVersion "1"]
[SourceVersionDate "2018.10.10"]
[SourceQuality "1"]
[WhiteTeam "Praha Holdia"]
[BlackTeam "Praha Dukla"]
[WhiteTeamCountry "CZE"]
[BlackTeamCountry "CZE"]

1. e4 c5 2. Nf3 d6 3. d4 cxd4 4. Nxd4 Nf6 5. Nc3 e6 6. Be3 a6 7. f3 b5 8. g4 Nfd7 9. Qd2 Bb7 10. 0-0-0 Nc6 11. f4 Be7 12. Nb3 Na5 13. Nxa5 Qxa5 14. a3 0-0 15. Bd3 Rac8 16. Kb1 Bf6 17. Ne2 Qxd2 18. Rxd2 Nc5 19. Ng3 Bh4 20. Rc1 Rfd8 21. Re2 Rd7 22. Bd4 e5 23. Nf5 exd4 24. Nxh4 Re8 25. Rce1 g6 26. f5 Rde7 27. Nf3 Bxe4 28. Bxe4 Nxe4 29. Nxd4 Re5 30. Kc1 Nf6 31. fxg6 hxg6 32. h3 Kg7 33. b4 Nd5 34. Rxe5 dxe5 35. g5 Nf4 36. h4 Ng2 37. Re4 Nxh4 38. Rxh4 exd4 39. Rxd4 Re5 40. Rg4 f5 41. Rd4 f4 42. Rxf4 Rxg5 43. c4 Rg1+ 44. Kd2 Rg2+ 45. Kc3 Rg3+ 46. Kb2 Rg2+ 47. Kc3 Rg3+ 1/2-1/2

[Event "CZE-chT 0102"]
[Site "Czech Republic"]
[Date "2001.10.20"]
[Round "1"]
[White "Petran, Peter"]
[Black "Jirovsky, Petr"]
[Result "1-0"]
[WhiteElo "2384"]
[BlackElo "2423"]
[PlyCount "109"]
[EventDate "2001.10.20"]
[EventType "team-tourn"]
[EventRounds "11"]
[EventCountry "CZE"]
[SourceTitle "EXT 2019"]
[Source "ChessBase"]
[SourceDate "2018.10.10"]
[SourceVersion "1"]
[SourceVersionDate "2018.10.10"]
[SourceQuality "1"]
[WhiteTeam "Vysehrad SK Sokol"]
[BlackTeam "Praha Holdia"]
[WhiteTeamCountry "CZE"]
[BlackTeamCountry "CZE"]

1. g3 Nf6 2. Bg2 g6 3. e4 d6 4. d4 Bg7 5. Ne2 0-0 6. Nbc3 e5 7. h3 c6 8. a4 Nbd7 9. Be3 Re8 10. 0-0 b6 11. a5 Ba6 12. Re1 Qc7 13. d5 c5 14. axb6 axb6 15. g4 b5 16. Ng3 b4 17. Na2 Nb6 18. b3 Reb8 19. c3 bxc3 20. Nxc3 Nbd7 21. Qc2 Ne8 22. Bf1 Qb7 23. Bxa6 Rxa6 24. Rxa6 Qxa6 25. Nf1 Nc7 26. Nd2 Nb5 27. Qd3 Qa5 28. Nxb5 Rxb5 29. Kg2 Rb8 30. Rb1 Bf8 31. Nc4 Qb5 32. Bd2 Ra8 33. Nxe5 Qxd3 34. Nxd3 Bg7 35. Bf4 Ra6 36. Nb2 Be5 37. Be3 Nb6 38. Nc4 Nxc4 39. bxc4 Kg7 40. f4 Bc3 41. Rb3 Bb4 42. e5 f6 43. exd6 Rxd6 44. f5 gxf5 45. gxf5 Ra6 46. Bf4 Ra2+ 47. Kf3 Kf7 48. d6 Ra1 49. Rd3 Ba5 50. Ke4 Re1+ 51. Kd5 Rf1 52. Ra3 Bb6 53. Be3 Rxf5+ 54. Kc6 Bd8 55. Ra8 1-0

[Event "EU-Cup 17th"]
[Site "Panormo"]
[Date "2001.09.25"]
[Round "3.5"]
[White "Jirovsky, Petr"]
[Black "Mikhalevski, Victor"]
[Result "1/2-1/2"]
[WhiteElo "2423"]
[BlackElo "2501"]
[PlyCount "48"]
[EventDate "2001.09.22"]
[EventType "team-swiss"]
[EventRounds "7"]
[EventCountry "GRE"]
[SourceTitle "CBM 084 Extra"]
[Source "ChessBase"]
[SourceDate "2001.10.26"]
[SourceVersion "1"]
[SourceVersionDate "2001.10.26"]
[SourceQuality "1"]
[WhiteTeam "Praha Holdia"]
[BlackTeam "Beer Sheva"]
[WhiteTeamCountry "CZE"]
[BlackTeamCountry "ISR"]

1. e4 e5 2. Nf3 Nc6 3. Bb5 a6 4. Ba4 Nf6 5. 0-0 Nxe4 6. d4 b5 7. Bb3 d5 8. dxe5 Be6 9. Be3 Be7 10. c3 Nc5 11. Bc2 Nd7 12. Re1 Ndxe5 13. Nxe5 Nxe5 14. Bd4 Ng6 15. Bxg7 Rg8 16. Bxg6 Rxg7 17. Rxe6 hxg6 18. Re2 Kf8 19. Nd2 Rg8 20. Nf3 Bf6 21. Qd3 Rh8 22. Rae1 Kg7 23. g3 Qd6 24. Ne5 Rad8 1/2-1/2

[Event "BL2-Ost 0001"]
[Site "Germany"]
[Date "2001.04.29"]
[Round "9.4"]
[White "Jirovsky, Petr"]
[Black "Zwanzger, Johannes"]
[Result "1-0"]
[WhiteElo "2360"]
[BlackElo "2270"]
[PlyCount "67"]
[EventDate "2000.10.15"]
[EventType "team-tourn"]
[EventRounds "9"]
[EventCountry "GER"]
[SourceTitle "CBM 082 Extra"]
[Source "ChessBase"]
[SourceDate "2001.07.03"]
[SourceVersion "1"]
[SourceVersionDate "2001.07.03"]
[SourceQuality "1"]
[WhiteTeam "Bamberg"]
[BlackTeam "Forchheim"]
[WhiteTeamCountry "GER"]
[BlackTeamCountry "GER"]

1. e4 c5 2. Nf3 e6 3. d4 cxd4 4. Nxd4 a6 5. Nc3 b5 6. Bd3 Qb6 7. Nb3 Qc7 8. 0-0 Nf6 9. Be3 Bb7 10. a3 d5 11. exd5 Nxd5 12. Nxd5 Bxd5 13. Nd2 Nd7 14. c4 bxc4 15. Nxc4 Be7 16. Rc1 Qb7 17. Qa4 Bxg2 18. Nb6 Bxf1 19. Bxf1 0-0 20. Nxd7 Rfc8 21. Rxc8+ Rxc8 22. Bxa6 Qc6 23. Qxc6 Rxc6 24. Bd3 Rd6 25. Bb5 Rd1+ 26. Kg2 Rb1 27. Bd4 Rd1 28. Bc3 Rd5 29. a4 Rg5+ 30. Kf1 Bd6 31. h3 Rh5 32. Bc6 Rxh3 33. a5 Rd3 34. Ke2 1-0

[Event "CZE-chT 0001"]
[Site "Czech Republic"]
[Date "2001.04.07"]
[Round "10"]
[White "Jirovsky, Petr"]
[Black "Walek, Milan"]
[Result "1/2-1/2"]
[WhiteElo "2371"]
[BlackElo "2320"]
[PlyCount "152"]
[EventDate "2000.11.19"]
[EventType "team-tourn"]
[EventRounds "11"]
[EventCountry "CZE"]
[SourceTitle "EXT 2019"]
[Source "ChessBase"]
[SourceDate "2018.10.10"]
[SourceVersion "1"]
[SourceVersionDate "2018.10.10"]
[SourceQuality "1"]
[WhiteTeam "Praha Holdia"]
[BlackTeam "Trinec"]
[WhiteTeamCountry "CZE"]
[BlackTeamCountry "CZE"]

1. e4 c5 2. Nf3 d6 3. d4 cxd4 4. Nxd4 Nf6 5. Nc3 Nc6 6. Be2 g6 7. 0-0 Bg7 8. Be3 0-0 9. h3 Qa5 10. Nb3 Qc7 11. f4 a5 12. Bf3 a4 13. Nb5 Qb8 14. N3d4 Bd7 15. c4 Rd8 16. Ne2 Be6 17. Na3 Qc7 18. Nc3 Qa5 19. Nd5 Nd7 20. Nb5 Rdc8 21. Bg4 Bxg4 22. Qxg4 Qd8 23. Rab1 Nf6 24. Qe2 Ra6 25. Bf2 Ne8 26. Rbd1 e6 27. Ndc3 Qe7 28. Rd2 Na5 29. c5 dxc5 30. Nxa4 c4 31. Nb6 Rc6 32. Rd7 Qf8 33. Na4 Rc8 34. Qd2 Nf6 35. Rd4 Nc6 36. Rxc4 Rd8 37. Qe2 Na5 38. Bc5 Qe8 39. Nc7 Qc6 40. Nxa6 Nxc4 41. Qxc4 b5 42. Nb4 Qb7 43. Qe2 bxa4 44. Re1 Nd7 45. Rd1 Rc8 46. Bd6 Nf6 47. e5 Ne4 48. a3 h5 49. Qe3 h4 50. Be7 Bf8 51. Bxf8 Kxf8 52. Kh2 Ng3 53. b3 axb3 54. Qxb3 Kg7 55. Qd3 Ra8 56. Nc2 Qa7 57. Qf3 Qa4 58. Rd2 Rc8 59. Ne3 Rc1 60. Rd1 Rxd1 61. Nxd1 Qc2 62. Kg1 Qd2 63. Ne3 Qd4 64. Kf2 Kh7 65. Qd1 Qc5 66. Qd3 Qc1 67. Kf3 Qe1 68. Qd1 Qc3 69. a4 Nf5 70. Qg1 Qc6+ 71. Kg4 Qc5 72. Kf3 Qc6+ 73. Kg4 Qc5 74. Kf3 Qc6+ 75. Kg4 Qc5 76. Kf3 Qc6+ 1/2-1/2

[Event "CZE-chT 0001"]
[Site "Czech Republic"]
[Date "2001.03.17"]
[Round "8"]
[White "Vanek, Petr"]
[Black "Jirovsky, Petr"]
[Result "0-1"]
[WhiteElo "2205"]
[BlackElo "2371"]
[PlyCount "106"]
[EventDate "2000.11.19"]
[EventType "team-tourn"]
[EventRounds "11"]
[EventCountry "CZE"]
[SourceTitle "EXT 2019"]
[Source "ChessBase"]
[SourceDate "2018.10.10"]
[SourceVersion "1"]
[SourceVersionDate "2018.10.10"]
[SourceQuality "1"]
[WhiteTeam "Vysehrad SK Sokol"]
[BlackTeam "Praha Holdia"]
[WhiteTeamCountry "CZE"]
[BlackTeamCountry "CZE"]

1. e4 c5 2. Nc3 Nc6 3. g3 g6 4. Bg2 Bg7 5. d3 d6 6. Nge2 e5 7. 0-0 Nge7 8. f4 0-0 9. Nd5 Nxd5 10. exd5 Ne7 11. c4 Bg4 12. fxe5 Nf5 13. Bf3 Bxf3 14. Rxf3 Bxe5 15. Rb1 a5 16. Nc3 Nd4 17. Rf1 f5 18. Bh6 Rf7 19. Qd2 Qd7 20. Rbe1 Re8 21. Kg2 Bf6 22. Rxe8+ Qxe8 23. Re1 Re7 24. Rxe7 Qxe7 25. Qe3 g5 26. Nd1 Kf7 27. Qxe7+ Bxe7 28. h4 gxh4 29. gxh4 Bxh4 30. Bd2 Bd8 31. Nc3 Ke7 32. Kg3 Kd7 33. Be3 Nc2 34. Bf2 Nb4 35. d4 Bf6 36. Nb5 Nd3 37. Be3 Nxb2 38. dxc5 Nxc4 39. Bg1 Be5+ 40. Kf3 dxc5 41. Bxc5 Nd6 42. Na3 b5 43. Bb6 Nc4 44. Nxc4 bxc4 45. Bxa5 Kd6 46. Bd2 Kxd5 47. a4 c3 48. Bc1 Kc4 49. Ke3 h5 50. Ke2 h4 51. Kf3 h3 52. Kf2 f4 53. Kf3 h2 0-1

[Event "CZE-chT 0001"]
[Site "Czech Republic"]
[Date "2001.02.24"]
[Round "6"]
[White "Jirovsky, Petr"]
[Black "Sluka, Radek"]
[Result "1-0"]
[WhiteElo "2371"]
[BlackElo "2358"]
[PlyCount "47"]
[EventDate "2000.11.19"]
[EventType "team-tourn"]
[EventRounds "11"]
[EventCountry "CZE"]
[SourceTitle "EXT 2019"]
[Source "ChessBase"]
[SourceDate "2018.10.10"]
[SourceVersion "1"]
[SourceVersionDate "2018.10.10"]
[SourceQuality "1"]
[WhiteTeam "Praha Holdia"]
[BlackTeam "Grygov A64 Valoz"]
[WhiteTeamCountry "CZE"]
[BlackTeamCountry "CZE"]

1. e4 c5 2. Nf3 Nc6 3. d4 cxd4 4. Nxd4 e6 5. Nc3 a6 6. Be2 Nge7 7. Be3 Nxd4 8. Qxd4 b5 9. 0-0 Nc6 10. Qd2 Be7 11. f4 0-0 12. Rad1 Na5 13. Kh1 Qc7 14. f5 b4 15. Na4 Rb8 16. f6 Bxf6 17. Rxf6 gxf6 18. Bc5 Bb7 19. Bd6 Qd8 20. Nc5 Bc6 21. Qh6 Rb5 22. Bxb5 Bxb5 23. Nxd7 Bxd7 24. Rd3 1-0

[Event "BL2-Ost 0001"]
[Site "Germany"]
[Date "2001.01.28"]
[Round "5.5"]
[White "Zschiedrich, Heiko"]
[Black "Jirovsky, Petr"]
[Result "1/2-1/2"]
[WhiteElo "2190"]
[BlackElo "2360"]
[PlyCount "59"]
[EventDate "2000.10.15"]
[EventType "team-tourn"]
[EventRounds "9"]
[EventCountry "GER"]
[SourceTitle "CBM 082 Extra"]
[Source "ChessBase"]
[SourceDate "2001.07.03"]
[SourceVersion "1"]
[SourceVersionDate "2001.07.03"]
[SourceQuality "1"]
[WhiteTeam "Erfurt Empor"]
[BlackTeam "Bamberg"]
[WhiteTeamCountry "GER"]
[BlackTeamCountry "GER"]

1. e4 c5 2. c3 Nf6 3. e5 Nd5 4. d4 cxd4 5. Nf3 d6 6. Qxd4 e6 7. Bb5+ Bd7 8. Bxd7+ Qxd7 9. 0-0 Nc6 10. Qe4 dxe5 11. Nxe5 Nxe5 12. Qxe5 Bd6 13. Qd4 0-0 14. g3 f5 15. Nd2 Qc7 16. Nc4 Bc5 17. Qe5 Bxf2+ 18. Rxf2 Qxc4 19. Qxe6+ Kh8 20. Rxf5 Qc5+ 21. Kh1 Rxf5 22. Qxf5 Rf8 23. Be3 Qd6 24. Qe4 Nxe3 25. Qxe3 h6 26. Re1 Qd5+ 27. Qe4 Qd2 28. Qe2 Qd5+ 29. Qe4 Qd2 30. Qe2 1/2-1/2

[Event "CZE-chT 0001"]
[Site "Czech Republic"]
[Date "2001.01.13"]
[Round "4"]
[White "Folk, Petr"]
[Black "Jirovsky, Petr"]
[Result "1/2-1/2"]
[WhiteElo "2271"]
[BlackElo "2371"]
[PlyCount "113"]
[EventDate "2000.11.19"]
[EventType "team-tourn"]
[EventRounds "11"]
[EventCountry "CZE"]
[SourceTitle "EXT 2019"]
[Source "ChessBase"]
[SourceDate "2018.10.10"]
[SourceVersion "1"]
[SourceVersionDate "2018.10.10"]
[SourceQuality "1"]
[WhiteTeam "Plzen"]
[BlackTeam "Praha Holdia"]
[WhiteTeamCountry "CZE"]
[BlackTeamCountry "CZE"]

1. e4 c5 2. Nf3 d6 3. d4 cxd4 4. Nxd4 Nf6 5. Nc3 a6 6. Be2 e6 7. 0-0 Be7 8. f4 Qc7 9. Kh1 0-0 10. a4 Nc6 11. Be3 Re8 12. Bf3 Rb8 13. g4 Nd7 14. g5 g6 15. Qd2 Na5 16. Qf2 b6 17. Bg2 Bf8 18. Rad1 Bb7 19. Nde2 Nc6 20. Qh4 Bg7 21. Rf3 Nf8 22. Rh3 Ne7 23. Qf2 Bc6 24. Bd4 Bxd4 25. Nxd4 Bd7 26. Rf3 d5 27. f5 exf5 28. exf5 gxf5 29. Re1 Nfg6 30. h4 Qd6 31. h5 Ne5 32. Qg3 Nc4 33. Qxd6 Nxd6 34. Re5 Nc4 35. Re2 Rbd8 36. Rf1 Kf8 37. b3 Nd6 38. Nxd5 Ne4 39. Bxe4 fxe4 40. Nf6 Bc8 41. Nxe8 Rxd4 42. Nf6 Nf5 43. Kh2 e3 44. Rxf5 Bxf5 45. Rxe3 Rd8 46. c4 Kg7 47. Kg3 h6 48. Re8 Rd3+ 49. Kf4 Bh7 50. Rb8 hxg5+ 51. Kxg5 Rg3+ 52. Kf4 Rxb3 53. Kg5 Rg3+ 54. Kf4 Rc3 55. Kg5 Rg3+ 56. Kf4 Rc3 57. Kg5 1/2-1/2

[Event "Steinitz Memorial-B 1st"]
[Site "Prague"]
[Date "2000.12.31"]
[Round "6"]
[White "Jirovsky, Petr"]
[Black "Kopjonkin, Gennady"]
[Result "1/2-1/2"]
[WhiteElo "2360"]
[BlackElo "2378"]
[PlyCount "147"]
[EventDate "2000.12.26"]
[EventType "tourn"]
[EventRounds "9"]
[EventCountry "CZE"]
[EventCategory "2"]
[SourceTitle "CBM 079 Extra"]
[Source "ChessBase"]
[SourceDate "2001.01.11"]
[SourceVersion "2"]
[SourceVersionDate "2001.01.25"]
[SourceQuality "1"]

1. e4 c5 2. Nf3 Nc6 3. d4 cxd4 4. Nxd4 Nf6 5. Nc3 e5 6. Ndb5 d6 7. Bg5 a6 8. Na3 b5 9. Nd5 Qa5+ 10. Bd2 Qd8 11. Bg5 Be7 12. Bxf6 Bxf6 13. c3 Ne7 14. Nc2 Bg5 15. Ncb4 0-0 16. a4 bxa4 17. Rxa4 a5 18. Nxe7+ Qxe7 19. Nd5 Qb7 20. b3 Bd7 21. Ra3 Rfc8 22. Bc4 a4 23. 0-0 Be6 24. Qd3 axb3 25. Rxb3 Qc6 26. Rb4 Rab8 27. Rfb1 Rxb4 28. Rxb4 Ra8 29. Qb1 g6 30. g3 Kg7 31. h4 Bd2 32. Qd3 Ra1+ 33. Kg2 Bc1 34. Qf3 f5 35. Bb3 Ra7 36. Qd3 Ba3 37. Rb6 Bxd5 38. Rxc6 Bxe4+ 39. Qxe4 fxe4 40. Bc4 Bc5 41. Ra6 Rb7 42. Ra2 Rb1 43. Bd5 Re1 44. Rb2 h5 45. Rb7+ Kh6 46. Rf7 e3 47. fxe3 Bxe3 48. Rf6 Bc5 49. Re6 Re2+ 50. Kh3 Re3 51. c4 Bb4 52. Rf6 Be1 53. Rf3 Re2 54. Rf6 Kg7 55. Rf7+ Kh6 56. Rf6 Bb4 57. g4 hxg4+ 58. Kxg4 Re1 59. h5 Rg1+ 60. Kh4 Be1+ 61. Kh3 Kxh5 62. Rxd6 Rg3+ 63. Kh2 Rd3 64. Re6 Bg3+ 65. Kg2 Bf4 66. Bf3+ Kg5 67. Rxg6+ Kf5 68. Rg8 Rd2+ 69. Kf1 Be3 70. Rf8+ Kg5 71. Be4 Bd4 72. Rf7 Kh4 73. Rg7 Be3 74. Rg2 1/2-1/2

[Event "Steinitz Memorial-B 1st"]
[Site "Prague"]
[Date "2000.12.29"]
[Round "4"]
[White "Jirovsky, Petr"]
[Black "Forman, Stepan"]
[Result "1-0"]
[WhiteElo "2360"]
[BlackElo "2220"]
[PlyCount "67"]
[EventDate "2000.12.26"]
[EventType "tourn"]
[EventRounds "9"]
[EventCountry "CZE"]
[EventCategory "2"]
[SourceTitle "CBM 079 Extra"]
[Source "ChessBase"]
[SourceDate "2001.01.11"]
[SourceVersion "2"]
[SourceVersionDate "2001.01.25"]
[SourceQuality "1"]

1. Nf3 Nf6 2. g3 g6 3. Bg2 Bg7 4. 0-0 0-0 5. d3 d6 6. c4 c6 7. Nc3 e5 8. e4 Nbd7 9. h3 Nb6 10. Re1 Be6 11. b3 Nfd7 12. d4 d5 13. Ba3 dxc4 14. Bxf8 Nxf8 15. Nxe5 c5 16. Nxc4 Nxc4 17. bxc4 Bxd4 18. Nd5 Bxd5 19. exd5 Qf6 20. Rf1 Bxa1 21. Qxa1 Qd6 22. Re1 Nd7 23. h4 Nb6 24. Re4 Rd8 25. Bh3 Na8 26. Qb2 b6 27. h5 Nc7 28. h6 Qf8 29. Qf6 Re8 30. d6 Rxe4 31. dxc7 Re1+ 32. Kg2 Re8 33. Bd7 Ra8 34. Qc6 1-0